000 00479cam a2200193ua 4500
001 7341
008 141224n ii |||gr||||Z||||||ben
040 _cMAIN
041 _aben
082 _a891.44
100 _aAcharjya, B.K.,
_eAuthor.
245 _aMadhya sahitya chayan
_cBy B.K. Acharjya
250 _a2nd.
260 _aKolkatta:
_bOriental,
_c1962.
300 _a138p.
653 _aEast Indo-European & Celtic literatures
653 _aBengali literature
942 _cBK
999 _c6466
_d6466